El niño y la ballena / (Registro nro. 15860)
[ vista simple ]
| 000 -LEADER | |
|---|---|
| fixed length control field | 01445nam a22003137a 4500 |
| 003 - CONTROL NUMBER IDENTIFIER | |
| control field | OSt |
| 005 - DATE AND TIME OF LATEST TRANSACTION | |
| control field | 20250711160039.0 |
| 008 - FIXED-LENGTH DATA ELEMENTS--GENERAL INFORMATION | |
| fixed length control field | 220329s2001 ck a|||br|||| 00| f spa d |
| 020 ## - INTERNATIONAL STANDARD BOOK NUMBER | |
| International Standard Book Number | 9789580460206 |
| 040 ## - CATALOGING SOURCE | |
| Original cataloging agency | CO-JMCR |
| Transcribing agency | CO-JMCR |
| 041 1# - LANGUAGE CODE | |
| Language code of text/sound track or separate title | spa |
| Language code of original | eng |
| 082 04 - DEWEY DECIMAL CLASSIFICATION NUMBER | |
| Classification number | N |
| Item number | SCHn |
| 100 1# - MAIN ENTRY--PERSONAL NAME | |
| Personal name | Sholes, Katherine, |
| Relator term | autor |
| 9 (RLIN) | 42036 |
| 245 13 - TITLE STATEMENT | |
| Title | El niño y la ballena / |
| Statement of responsibility, etc. | Katherine Scholes ; traducción de Amparo Carvajal ; ilustraciones de Daniela Violi |
| 260 ## - PUBLICATION, DISTRIBUTION, ETC. | |
| Place of publication, distribution, etc. | Bogotá : |
| Name of publisher, distributor, etc. | Norma, |
| Date of publication, distribution, etc. | 2001. |
| 300 ## - PHYSICAL DESCRIPTION | |
| Extent | 79 páginas : |
| Other physical details | ilustraciones a color ; |
| Dimensions | 20 cm. |
| 490 0# - SERIES STATEMENT | |
| Series statement | Torre de papel roja |
| 500 ## - GENERAL NOTE | |
| General note | Titulo original : The boy and Whale. |
| 520 0# - SUMMARY, ETC. | |
| Summary, etc. | El niño se acerca a la paya y ve algo que no puede creer: una ballena varada que todavía esta viva. El niño sabe que tiene que ayudarla, pero no sabe como: él está solo con su perra Lucy. y ahora se acercan aquellos dos hombres y quizás quieran hacerle daño a la ballena. Este es un bello relato de audacia y el valor de un niño enfrentando al peligro. |
| 521 ## - TARGET AUDIENCE NOTE | |
| Target audience note | A partir de 7 años |
| Source | Tapa posterior |
| 650 14 - SUBJECT ADDED ENTRY--TOPICAL TERM | |
| Topical term or geographic name entry element | Cuentos africanos |
| 9 (RLIN) | 42038 |
| 650 24 - SUBJECT ADDED ENTRY--TOPICAL TERM | |
| Topical term or geographic name entry element | Literatura infantil africana |
| 9 (RLIN) | 42039 |
| 650 24 - SUBJECT ADDED ENTRY--TOPICAL TERM | |
| Topical term or geographic name entry element | Ballenas en la literatura |
| 9 (RLIN) | 42040 |
| 650 24 - SUBJECT ADDED ENTRY--TOPICAL TERM | |
| Topical term or geographic name entry element | Cuentos infantiles africanos |
| 9 (RLIN) | 42041 |
| 650 24 - SUBJECT ADDED ENTRY--TOPICAL TERM | |
| Topical term or geographic name entry element | Libros y lectura para niños |
| 9 (RLIN) | 2184 |
| 700 1# - ADDED ENTRY--PERSONAL NAME | |
| Personal name | Carvajal, Amparo, |
| Relator term | traductora |
| 9 (RLIN) | 42037 |
| 700 1# - ADDED ENTRY--PERSONAL NAME | |
| Personal name | Violi, Daniela, |
| Relator term | ilustradora |
| 9 (RLIN) | 1356 |
| 942 ## - ADDED ENTRY ELEMENTS (KOHA) | |
| Source of classification or shelving scheme | Dewey Decimal Classification |
| Koha item type | Books |
| Withdrawn status | Lost status | Source of classification or shelving scheme | Damaged status | Not for loan | Home library | Current library | Shelving location | Date acquired | Source of acquisition | Total Checkouts | Full call number | Barcode | Date last seen | Date last checked out | Copy number | Price effective from | Koha item type | Collection code | Cost, normal purchase price |
|---|---|---|---|---|---|---|---|---|---|---|---|---|---|---|---|---|---|---|---|
| Dewey Decimal Classification | Biblioteca Pública José María del Castillo y Rada | Biblioteca Pública José María del Castillo y Rada | Processing Center | 02/23/2022 | Donación | 3 | N SCHn | 201811142 | 03/31/2026 | 03/31/2026 | Ej.1 | 03/29/2022 | Books | ||||||
| Dewey Decimal Classification | Biblioteca Pública José María del Castillo y Rada | Biblioteca Pública José María del Castillo y Rada | 11/28/2019 | Donación | 1 | N SCHn | 201808078 | 03/31/2026 | 03/31/2026 | Ej.2 | 07/14/2025 | Books | Fiction | 0.00 |